000 00933nam a22003137a 4500
001 BR7600924
003 BR-BrBNA
005 20230928084918.0
007 ta
008 230509b bl.||||| |||| 00| 0 por d
040 _aBR-BrBNA
_bpor
_cBiblioteca Nacional de Agricultura
041 _a(Por)
072 _aE50; E10
_b9320
_b/G514
090 _ 9320 BR7600924
100 1 _aAlmeida, M. da G.S. de
110 1 _aUniversidade Federal de Sergipe, Aracaju (Brasil)
111 1 _a8. Simposio da ANPHU
_cAracaju, SE (Brazil)
_d1 Sep 1975
245 1 _aUma unidade acucareira em Sergipe, o engenho Pedras [Mao-de-obra; Brasil]
260 3 _aAracaju, SE (Brasil):
_c1975.
300 _a98 p.
500 _aBibliography p. 88-93 (70 ref.)
650 _aSociologia rural
650 _aMacroeconomia
650 _aAcucar
650 _aMao-de-obra
650 _aSergipe
909 _a202309
_bLucia
_c55
_dLucia Elande
942 _cBK
999 _c21826
_d21826